Nihon Kyōsantō dai kenkyoshi,
Saved in:
| Main Author: | |
|---|---|
| Format: | Book |
| Language: | Japanese |
| Published: |
Tōkyō,
Bukyōsha,
Shōwa 4 [1929]
|
| Subjects: | |
| Tags: |
Add Tag
No Tags, Be the first to tag this record!
|
| LEADER | 00778nam a2200229u 4500 | ||
|---|---|---|---|
| 001 | 007743338-6 | ||
| 005 | 20024617115958.0 | ||
| 008 | 891221s1929 ja ch 000 0 jpn d | ||
| 035 | 0 | |a ocm20810989 | |
| 040 | |a CLU |c CLU |d *YNH* |d CStRLIN | ||
| 100 | 1 | |6 880-01 |a Amakusa, Rintarō. | |
| 245 | 1 | 0 | |6 880-02 |a Nihon Kyōsantō dai kenkyoshi, |c Amakusa Rintarō cho. |
| 260 | |6 880-03 |a Tōkyō, |b Bukyōsha, |c Shōwa 4 [1929] | ||
| 300 | |a 2, 10, 420 p. |b ports., facsim. |c 20 cm. | ||
| 610 | 2 | 0 | |6 880-04 |a Nihon Kyōsantō. |
| 650 | 0 | |a Communism |z Japan. | |
| 880 | 1 | |6 100-01 |a 天草麟太郎. | |
| 880 | 1 | 0 | |6 245-02 |a 日本共產黨大検擧史, |c 天草麟太郎著. |
| 880 | |6 260-03 |a 東京, |b 武俠社, |c 昭和4 [1929] | ||
| 880 | 2 | 0 | |6 610-04 |a 日本共產黨. |
| 988 | |a 20021214 | ||
| 906 | |0 OCLC | ||


